000 00581nam a2200217Ia 4500
003 OSt
005 20220925202019.0
006 a|||||r|||| 00| 0
007 ta
008 220923b |||||||| |||| 00| 0 eng d
037 _cGeneral Book
040 _aRTL
_cRTL
_beng
041 _2eng
_aeng
082 _aXogY, M2/TD
100 _aSEN Amartya
245 0 _aChoice, welfare and measurement.
260 _aDelhi
_bOxford University Press
_c1983
300 _avii,460p.
_ccm.
942 _hXogY, M2/TD
_cGB
_2CC
999 _c542188
_d542188